000 00320nam a2200133Ia 4500
005 20251222155154.0
008 251222s9999||||xx |||||||||||||| ||spa||
082 _aEPI. 11
100 _aMacMahon, Brian.
245 0 _aPrincipios y Métodos de la Epidemiología
250 _a2da. ed.
264 _bP.M.M
942 _cLIB
999 _c39663
_d39663